Statistiques concernant Culture Générale - Série 1671

Cliquez ici pour prendre le quiz!

Statistiques générales

  • Ce quiz a été pris 71 fois
  • Le résultat moyen est 5 sur 10

Statistiques - réponses

QuestionRéponse% Correct
Sur la côte méditerranéenne, dans quel pays peut-on flâner sur la Costa del Sol ?Espagne
97%
En France, dans quelle ville siège la Cour de cassation ?Paris
89%
Dans une série d'animation de 1974, quelle héroïne est surnommée la "petite fille des montagnes" ?Heidi
72%
Dans quel pays se situe la province de Manitoba ?Canada
66%
En 1719, quel écrivain anglais crée le personnage de Robinson Crusoé ?Daniel Defoe
54%
En 1956, sous quel pseudonyme Romain Kacew publie-t-il “Les Racines du ciel” ?Romain Gary
43%
Il a animé "Vidéo Gag" dans les années 1990 et incarne, en 2010, le procureur Alain Berger dans la série "Section de recherches" sur TF1. De qui s'agit-il ?Bernard Montiel
34%
Parmi les amis de Fifi Brindacier, quel animal est Oncle Alfred ?cheval
26%
Dans quel opéra de Giuseppe Verdi un choeur d'esclaves chante-t-il : "Va, pensiero" ?Nabucco
20%
Quel film musical a été réalisé par Milos Forman, en 1979 ?Hair
11%

Distribution des résultats

Percentile par nombre de réponses

% des personnes avec chaque résultat

Votre développement - résultats

Vous n’avez pas pris ce quiz